[Event "Liberec Open 2016"]
[Site "Liberec CZE"]
[Date "2016.02.20"]
[Round "9.9"]
[White "Polak, Benedikt"]
[Black "Paldus, Petr"]
[Result "1/2-1/2"]
[WhiteElo "2170"]
[BlackElo "1999"]
[PlyCount "27"]
[EventDate "2016.02.13"]
[EventType "swiss"]
[EventRounds "9"]
[EventCountry "CZE"]
[Source "lmi"]
[SourceDate "2016.02.13"]

1. d4 d5 2. c4 c6 3. Nc3 e6 4. e3 f5 5. g4 Nf6 6. gxf5 exf5 7. Bd3 Be6 8. cxd5
Nxd5 9. Nf3 g6 10. Rg1 Be7 11. Bd2 Nd7 12. a3 Bf6 13. Qe2 Qe7 14. O-O-O 1/2-1/2

[Event "Liberec Open 2016"]
[Site "Liberec CZE"]
[Date "2016.02.20"]
[Round "9.10"]
[White "Krivanek, Vladimir"]
[Black "Jeute, Peter"]
[Result "1-0"]
[WhiteElo "2137"]
[BlackElo "1976"]
[PlyCount "33"]
[EventDate "2016.02.13"]
[EventType "swiss"]
[EventRounds "9"]
[EventCountry "CZE"]
[Source "lmi"]
[SourceDate "2016.02.13"]

1. d4 d5 2. Nc3 e6 3. e4 dxe4 4. Nxe4 Nf6 5. Nxf6+ Qxf6 6. Nf3 Bd6 7. Bg5 Qf5
8. Bd3 Qa5+ 9. c3 h6 10. Be3 Nd7 11. Nd2 f5 12. Qh5+ Kf8 13. f4 Qd5 14. c4 Qc6
15. d5 exd5 16. cxd5 Qxd5 17. Bc4 1-0

[Event "Liberec Open 2016"]
[Site "Liberec CZE"]
[Date "2016.02.20"]
[Round "9.12"]
[White "Brauer, Christian"]
[Black "Mikalsen, Harald"]
[Result "1/2-1/2"]
[WhiteElo "2096"]
[BlackElo "1975"]
[PlyCount "36"]
[EventDate "2016.02.13"]
[EventType "swiss"]
[EventRounds "9"]
[EventCountry "CZE"]
[Source "lmi"]
[SourceDate "2016.02.13"]

1. c4 e5 2. g3 Nf6 3. Bg2 d5 4. cxd5 Nxd5 5. Nc3 Be6 6. Nf3 Nc6 7. O-O Bc5 8.
d3 f6 9. a3 Qd7 10. Bd2 a5 11. Na4 Bd6 12. Rc1 O-O 13. Nc5 Bxc5 14. Rxc5 b6 15.
Rc1 Rfd8 16. Re1 Ra7 17. h3 Nde7 18. Kh2 Nd4 1/2-1/2

[Event "Liberec Open 2016"]
[Site "Liberec CZE"]
[Date "2016.02.20"]
[Round "9.13"]
[White "Samborski, Henryk"]
[Black "Peniska, Pavel"]
[Result "1-0"]
[WhiteElo "2050"]
[BlackElo "1957"]
[PlyCount "61"]
[EventDate "2016.02.13"]
[EventType "swiss"]
[EventRounds "9"]
[EventCountry "CZE"]
[Source "lmi"]
[SourceDate "2016.02.13"]

1. Nf3 c5 2. c4 Nc6 3. g3 Nf6 4. Bg2 d5 5. cxd5 Nxd5 6. O-O e5 7. d3 Be7 8. Nc3
Be6 9. Bd2 O-O 10. Rc1 b6 11. Qa4 Rc8 12. Ne4 h6 13. Bc3 Nxc3 14. bxc3 Qd7 15.
c4 Bh3 16. Nc3 Bxg2 17. Kxg2 Rfd8 18. a3 f5 19. e4 f4 20. Nd5 g5 21. h3 Kh7 22.
Nh2 Qe6 23. g4 Kg6 24. f3 Rh8 25. Rh1 h5 26. gxh5+ Rxh5 27. Ng4 Rh7 28. Rh2 Bd8
29. Rb1 Rb8 30. Rb2 Rbb7 31. Qxc6 1-0

[Event "Liberec Open 2016"]
[Site "Liberec CZE"]
[Date "2016.02.20"]
[Round "9.20"]
[White "Grzesik, Norbert"]
[Black "Von Keyserlingk, Chanda"]
[Result "1-0"]
[WhiteElo "1892"]
[BlackElo "1758"]
[PlyCount "73"]
[EventDate "2016.02.13"]
[EventType "swiss"]
[EventRounds "9"]
[EventCountry "CZE"]
[Source "lmi"]
[SourceDate "2016.02.13"]

1. e4 c6 2. d4 d5 3. Nc3 dxe4 4. Nxe4 Nd7 5. Nf3 Ngf6 6. Ng3 e6 7. Bd3 c5 8.
O-O cxd4 9. Nxd4 Bc5 10. Nb3 O-O 11. Nxc5 Nxc5 12. Be2 Qc7 13. Bf3 Bd7 14. Be3
Rad8 15. Qe2 b6 16. Bg5 Kh8 17. Nh5 Nxh5 18. Bxd8 Qxd8 19. Bxh5 Qf6 20. c3 Bc6
21. Bf3 Bxf3 22. Qxf3 Qe7 23. Rad1 Kg8 24. Rd2 Rd8 25. Rfd1 Rxd2 26. Rxd2 h6
27. h3 Qg5 28. Rd1 Qe7 29. Qa8+ Kh7 30. Qd8 Qb7 31. b4 Ne4 32. Qd7 Qb8 33. f3
Nf6 34. Qd3+ g6 35. Qd6 Qc8 36. Qe7 Kg7 37. Rd8 1-0

[Event "Liberec Open 2016"]
[Site "Liberec CZE"]
[Date "2016.02.20"]
[Round "9.22"]
[White "Kolmas, Oldrich"]
[Black "Frej, Zofia"]
[Result "0-1"]
[WhiteElo "1889"]
[BlackElo "1756"]
[PlyCount "37"]
[EventDate "2016.02.13"]
[EventType "swiss"]
[EventRounds "9"]
[EventCountry "CZE"]
[Source "lmi"]
[SourceDate "2016.02.13"]

1. e4 c5 2. Nf3 e6 3. d4 cxd4 4. Nxd4 a6 5. Be2 Qc7 6. Be3 b5 7. Nd2 Bb7 8. Rc1
Nf6 9. Bd3 Nc6 10. c3 Be7 11. c4 Ne5 12. Bb1 bxc4 13. f3 O-O 14. O-O d5 15.
exd5 exd5 16. Nf5 Bc5 17. Kh1 Bxe3 18. Nxe3 Qb6 19. Nc2 0-1

[Event "Liberec Open 2016"]
[Site "Liberec CZE"]
[Date "2016.02.20"]
[Round "9.24"]
[White "Koubova, Anna Marie"]
[Black "Vetter, Udo"]
[Result "1-0"]
[WhiteElo "1870"]
[BlackElo "1582"]
[PlyCount "59"]
[EventDate "2016.02.13"]
[EventType "swiss"]
[EventRounds "9"]
[EventCountry "CZE"]
[Source "lmi"]
[SourceDate "2016.02.13"]

1. e4 c5 2. Nf3 Nc6 3. d4 cxd4 4. Nxd4 d6 5. Nc3 g6 6. Be3 Bd7 7. Bc4 Nf6 8. f3
Bg7 9. Qd2 Rc8 10. Bb3 a6 11. Nxc6 Bxc6 12. Bh6 O-O 13. Bxg7 Kxg7 14. h4 h5 15.
g4 Qb6 16. O-O-O hxg4 17. h5 Rh8 18. hxg6 fxg6 19. Qg5 Rce8 20. Bd5 Bd7 21. e5
dxe5 22. Be4 Nxe4 23. Nxe4 Be6 24. Rxh8 Kxh8 25. Rh1+ Kg7 26. Qh6+ Kf7 27. Ng5+
Kf6 28. Kb1 Qe3 29. Nh7+ Kf5 30. Qxe3 1-0

[Event "Liberec Open 2016"]
[Site "Liberec CZE"]
[Date "2016.02.20"]
[Round "9.25"]
[White "Hung, Do"]
[Black "Stojkovic, Andreja"]
[Result "0-1"]
[WhiteElo "1715"]
[BlackElo "1865"]
[PlyCount "32"]
[EventDate "2016.02.13"]
[EventType "swiss"]
[EventRounds "9"]
[EventCountry "CZE"]
[Source "lmi"]
[SourceDate "2016.02.13"]

1. e4 e5 2. Nf3 Nc6 3. d4 exd4 4. Bc4 d6 5. c3 d3 6. Qxd3 Nf6 7. Bg5 Be7 8. h3
O-O 9. O-O h6 10. Bh4 Nh5 11. Bxe7 Qxe7 12. Nbd2 Ne5 13. Qe3 Nxc4 14. Nxc4 Be6
15. Qd4 Nf4 16. Ne3 Ne2+ 0-1

[Event "Liberec Open 2016"]
[Site "Liberec CZE"]
[Date "2016.02.20"]
[Round "9.26"]
[White "Klucznik, Andre"]
[Black "Pawicki, Krzysztof"]
[Result "1-0"]
[WhiteElo "1832"]
[BlackElo "1590"]
[PlyCount "36"]
[EventDate "2016.02.13"]
[EventType "swiss"]
[EventRounds "9"]
[EventCountry "CZE"]
[Source "lmi"]
[SourceDate "2016.02.13"]

1. Nf3 Nf6 2. c4 d5 3. e3 Bg4 4. Qb3 b6 5. cxd5 Qxd5 6. Bc4 Qh5 7. d4 Bxf3 8.
gxf3 e6 9. e4 Be7 10. Bf4 c6 11. Nd2 O-O 12. O-O-O Nbd7 13. Rhg1 h6 14. Rg3 e5
15. Rdg1 Ne8 16. Be3 exd4 17. Bxd4 Bf6 18. Bxf6 Ndxf6 1-0

[Event "Liberec Open 2016"]
[Site "Liberec CZE"]
[Date "2016.02.20"]
[Round "9.29"]
[White "Hons, Tomas"]
[Black "Feldvabl, Vilem"]
[Result "1-0"]
[WhiteElo "2030"]
[BlackElo "1623"]
[PlyCount "55"]
[EventDate "2016.02.13"]
[EventType "swiss"]
[EventRounds "9"]
[EventCountry "CZE"]
[Source "lmi"]
[SourceDate "2016.02.13"]

1. c4 c5 2. Nc3 Nc6 3. g3 e5 4. Bg2 d6 5. e4 Nf6 6. Nge2 Be7 7. O-O O-O 8. d3
Be6 9. h3 h6 10. f4 Nh7 11. f5 Bd7 12. Be3 Bg5 13. Bf2 Nd4 14. Nd5 Nf6 15. h4
Nxd5 16. hxg5 Nb4 17. gxh6 gxh6 18. a3 Nbc2 19. Nxd4 Nxd4 20. Be3 Qf6 21. Kf2
Kg7 22. Qg4+ Kh7 23. Rh1 Rg8 24. Qh4 Qxh4 25. Rxh4 Nc2 26. Bxh6 Rh8 27. Rah1
Kg8 28. Rg4+ 1-0

[Event "Liberec Open 2016"]
[Site "Liberec CZE"]
[Date "2016.02.20"]
[Round "9.32"]
[White "Biza, Miroslav"]
[Black "Netusil, Oldrich"]
[Result "0-1"]
[WhiteElo "1695"]
[BlackElo "1579"]
[PlyCount "110"]
[EventDate "2016.02.13"]
[EventType "swiss"]
[EventRounds "9"]
[EventCountry "CZE"]
[Source "lmi"]
[SourceDate "2016.02.13"]

1. d4 d5 2. Bf4 e6 3. e3 Nf6 4. Nf3 Nc6 5. c3 a6 6. Bd3 h6 7. Nbd2 Bd6 8. O-O
O-O 9. Ne5 Nd7 10. Nxc6 bxc6 11. Qg4 Bxf4 12. Qxf4 Nf6 13. e4 Nh5 14. Qf3 Qg5
15. Nb3 g6 16. e5 Ng7 17. Nc5 a5 18. a3 f5 19. b4 axb4 20. cxb4 Nh5 21. Rfd1
Nf4 22. Bf1 Qg4 23. Qxg4 fxg4 24. g3 Nh3+ 25. Bxh3 gxh3 26. Rd3 h5 27. f3 Rf5
28. Kf2 g5 29. g4 hxg4 30. Kg3 gxf3 31. Rxf3 Rxf3+ 32. Kxf3 Kg7 33. Kg4 Kg6 34.
Kxh3 Ba6 35. Nxe6 Bc8 36. Rf1 Bxe6+ 37. Kg3 Rxa3+ 38. Kf2 Bf5 39. Rc1 Bd7 40.
b5 cxb5 41. Rxc7 Be6 42. Rb7 Rb3 43. Rb8 g4 44. Rf8 Rf3+ 45. Rxf3 gxf3 46. Kxf3
Kg5 47. Ke3 b4 48. Kd2 Kf4 49. h4 Kg4 50. Kc2 Kxh4 51. Kb3 Kg4 52. Kxb4 Kf4 53.
Kc5 Ke4 54. Kd6 Bg8 55. e6 Bxe6 0-1

[Event "Liberec Open 2016"]
[Site "Liberec CZE"]
[Date "2016.02.20"]
[Round "9.46"]
[White "Sedlak, Jaroslav"]
[Black "Kusa, Jakub"]
[Result "1-0"]
[WhiteElo "1615"]
[BlackElo "1552"]
[PlyCount "33"]
[EventDate "2016.02.13"]
[EventType "swiss"]
[EventRounds "9"]
[EventCountry "CZE"]
[Source "lmi"]
[SourceDate "2016.02.13"]

1. b3 d5 2. Bb2 c5 3. e3 Nf6 4. Bxf6 exf6 5. f4 a6 6. g3 Nc6 7. Bg2 Qd7 8. Ne2
d4 9. exd4 Nxd4 10. O-O Be7 11. Nbc3 Nxe2+ 12. Qxe2 Rb8 13. Rfe1 Kf8 14. Nd5
Bd8 15. Bh3 Qb5 16. c4 Qc6 17. Ne7 1-0